| 000 | 00521nam a22001817a 4500 | ||
|---|---|---|---|
| 005 | 20230819154027.0 | ||
| 008 | 220120b ||||| |||| 00| 0 eng d | ||
| 020 | _a978-93-88902-73-1 | ||
| 041 | _aeng | ||
| 082 | _a611.9 CHA-H | ||
| 100 |
_aCHAURASIA'S, B.D _98052 |
||
| 245 | _aHUMAN ANATOMY: Regional and applied , dissection and clinical [UPPER LIMB THORAX] [VOL-1] | ||
| 250 | _a8TH, ED. | ||
| 260 |
_aNEW DELHI _bCBS PUBLISHERS & DISTRIBUTORS PVT. LTD. |
||
| 300 | _a354;p | ||
| 650 |
_aBPT _98053 |
||
| 942 | _cBK | ||
| 999 |
_c7846 _d7844 |
||